000 00510nam a22001697a 4500
999 _c8657
_d8657
008 201209b ||||| |||| 00| 0 eng d
040 _aBMS College of Architecture
100 _aS, Saujanya
245 _aLA Mode - School of fashion
300 _a41p.
500 _a1BM12AT063
502 _8B,Arch
_NBMS College of Architecture, Visvesvaraya technological University (VTU)
_aProject report
_d2016
650 _aSchool
700 _aBhaghyalaxmi M
_eGuide
700 _aAmresh Hati
_eGuide
942 _2ddc
_cTHE